|
|
|
|
| LEADER |
00000nam a2200000 a 4500 |
| 001 |
vtls001326088 |
| 003 |
SK-MaSNL |
| 005 |
20260301005601.0 |
| 008 |
240509s1996 xo ap r yy slo |
| 015 |
|
|
|a SNBA1998/09-03159
|
| 020 |
|
|
|a 8088829135
|c 90,00 Sk
|
| 035 |
|
|
|a SNK000278856
|
| 035 |
|
|
|a urn:nbn:sk:snk-amkhh2
|
| 035 |
|
|
|a urn:nbn:sk:snk-am008gku
|
| 035 |
|
|
|a 79336F97-6758-4F88-87FF-495A12125CDE
|
| 040 |
|
|
|a SNK
|b slo
|c SNK
|e AACR2
|
| 041 |
0 |
|
|a slo
|
| 044 |
|
|
|a xo
|c SK
|
| 080 |
|
|
|a 355:656:331.823(075.8)
|2 1981
|
| 080 |
|
|
|a 331.823(075.8)
|2 1981
|
| 080 |
|
|
|a 656(075.8)
|2 1981
|
| 100 |
1 |
|
|a Tomek, Miroslav
|4 aut
|9 18976
|
| 245 |
1 |
0 |
|a Bezpečnosť prevádzky dopravnej a manipulačnej techniky
|c Miroslav Tomek
|
| 260 |
|
|
|a Žilina
|b Vojenská fakulta VŠDS
|c 1996
|
| 300 |
|
|
|a 86 s.
|b sch., tab.
|c 21 cm
|
| 504 |
|
|
|a Bibliogr. s. 84-85
|
| 650 |
0 |
7 |
|a vojenstvo
|x doprava
|x technika manipulačná
|x bezpečnosť práce
|2 SNK
|9 290116
|
| 650 |
0 |
7 |
|a bezpečnosť práce
|x doprava
|x technika manipulačná
|x vojenstvo
|2 SNK
|9 290117
|
| 655 |
|
7 |
|a Textbooks (higher)
|2 SNKPHeng
|9 276436
|
| 655 |
|
7 |
|a učebnice vysokých škôl
|2 SNKPH
|9 70191
|
| 919 |
|
|
|a 80-88829-13-5
|
| 958 |
|
|
|a OND
|
| 958 |
|
|
|a TL
|
| 958 |
|
|
|a NB
|
| 958 |
|
|
|a UV
|
| 999 |
|
|
|c 545587
|d 547517
|
| 952 |
|
|
|t P60, <04>, [BOOK], {604}
|a SNK
|b SNK
|y VYP
|7 0
|p 17A0130287
|o snkSC 95418 D1
|i snkKSP 3361/98
|0 0
|1 0
|4 0
|d 1998-03-30
|l 0
|r 2005-01-02 00:00:00
|w 2026-02-23
|
| 952 |
|
|
|t P60, <03>, [BOOK], {603}
|a SNK
|b SNK
|y PREZ
|7 0
|p 17A0130286
|o snkSC 95418
|i snkKSP 3360/98
|0 0
|1 0
|4 0
|d 1998-03-30
|f 1
|l 0
|r 2025-09-12 00:00:00
|w 2026-02-23
|